L'Electronique de l'électronicien (Record no. 9955)
[ view plain ]
| 000 -LEADER | |
|---|---|
| fixed length control field | 00631 a2200265 4500 |
| 035 ## - SYSTEM CONTROL NUMBER | |
| System control number | 12056 |
| 035 ## - SYSTEM CONTROL NUMBER | |
| System control number | 12057 |
| 020 ## - NUMERO INTERNATIONAL NORMALISE DES LIVRES | |
| International Standard Book Number | 2-206-00631-6 |
| 100 ## - VEDETTE PRINCIPALE - NOM DE PERSONNE | |
| Personal name | LUCAS, F. |
| 130 ## - VEDETTE PRINCIPALE - TITRE UNIFORME | |
| Language of a work | Fr |
| 260 ## - PUBLICATION, DISTRIBUTION, ETC. (IMPRINT) | |
| Place of publication, distribution, etc | Paris |
| 260 ## - PUBLICATION, DISTRIBUTION, ETC. (IMPRINT) | |
| Name of publisher, distributor, etc | Delagrave |
| 245 ## - TITLE STATEMENT | |
| Title | L'Electronique de l'électronicien |
| 260 ## - PUBLICATION, DISTRIBUTION, ETC. (IMPRINT) | |
| Date of publication, distribution, etc | 1988 |
| 300 ## - PHYSICAL DESCRIPTION | |
| Extent | 287 p. |
| 300 ## - PHYSICAL DESCRIPTION | |
| Other physical details | ill., fig. ; 28 cm. |
| 440 ## - SERIES STATEMENT/ADDED ENTRY--TITLE | |
| Title | (Génie électronique) |
| 500 ## - GENERAL NOTE | |
| General note | Bibliographie page 320 |
| 650 ## - SUBJECT ADDED ENTRY--TOPICAL TERM | |
| Topical term or geographic name as entry element | <Circuits électroniques> |
| 700 ## - ADDED ENTRY--PERSONAL NAME | |
| Personal name | CHARRUAULT, P. |
| Withdrawn status | Lost status | Damaged status | Not for loan | Location (home branch) | Sublocation or collection (holding branch) | Date acquired | Source of acquisition | Koha issues (times borrowed) | Koha full call number | Piece designation (barcode) | Koha date last seen | Price effective from | Koha item type |
|---|---|---|---|---|---|---|---|---|---|---|---|---|---|
| Bibliothèque Ecole Polytechnique d'Abomey-Calavi | Bibliothèque Ecole Polytechnique d'Abomey-Calavi | 27/02/2009 | EPAC | 621.38132/L933e | 21844EPAC | 27/02/2009 | 27/02/2009 | Livre |